00651nam a2200265Ia 4500008004100000020001500041050000800056050001400064100001800078245003200096245002100128250002100149260001800170260002500188260000900213300001600222300002000238300001000258650002400268650002400292650002200316650001700338700001100355999001900366170711s9999 xx 000 0 und d a971086470X a170 bM696 2004 aMoga, Michael aToward authentic morality / cby Michael Moga. aRevised edition. aPhilippines : bNational Book Store, c2004 a169 pages : billustrations ; c22cm. aChristian ethics -- aChristian ethics -- xCatholic authors. xPhilippines. aTitle. c339635d339635